| 000 | 00570nam a2200193Ia 4500 | ||
|---|---|---|---|
| 999 |
_c30323 _d30323 |
||
| 001 | 30196 | ||
| 003 | PK-LaUMT | ||
| 005 | 20221004142528.0 | ||
| 008 | 140416s9999 xx 000 0 und d | ||
| 040 | _cPK-LaUMT | ||
| 082 |
_aW 658.3 _bCAM-S |
||
| 100 | _aJohn Cameron | ||
| 245 | 2 |
_aA strategy for employment and human resources development for Pakistan in.. _cJohn Cameron<>Mohammad Irfan |
|
| 260 |
_aIslamabad,Pakistan: _bUnited Nations Development Programme, _c1990 |
||
| 300 | _a225+ p. | ||
| 546 | _aEN | ||
| 700 | _aMohammad Irfan | ||
| 942 |
_cWEEDED OUT _2ddc |
||